Bárány Gerő: az ethikai világrend útjelzői [recenzió]
Elmentve itt :
| Szerző: | |
|---|---|
| Adatforrás: | Philobibl |
| Forrásdokumentuma: | Athenaeum 1926/1-3 85-86. p. |
| Dokumentumtípus: | Cikk |
| Nyelv: | magyar |
| LEADER | 00312nab a2200097 c 4500 | ||
|---|---|---|---|
| 001 | bibDOK00012063 | ||
| 005 | 20200924120734.8 | ||
| 008 | 060518s1926 xx hun | ||
| 100 | 1 | |a Szakáts Kálmán | |
| 245 | 1 | 0 | |a Bárány Gerő: az ethikai világrend útjelzői |b [recenzió] |c Szakáts Kálmán |
| 773 | 0 | |t Athenaeum 1926/1-3 |g 85-86. p. | |